[Event "Les Sables d'Olonneop 4th"]
[Site "Les Sables d'Olonne"]
[Date "2017.07.18"]
[Round "5"]
[White "Jactel, Nicolas"]
[Black "Haub, Thorsten Michael"]
[Result "0-1"]
[WhiteElo "1964"]
[BlackElo "2414"]
[PlyCount "68"]
[EventDate "2017.07.15"]
[EventType "swiss"]
[EventRounds "9"]
[EventCountry "FRA"]
[SourceTitle "EXT 2018"]
[Source "ChessBase"]
[SourceDate "2017.10.13"]
[SourceVersion "1"]
[SourceVersionDate "2017.10.13"]
[SourceQuality "1"]

1. e4 g6 2. d4 Bg7 3. Nc3 d6 4. f4 a6 5. Nf3 e6 6. Bd3 Ne7 7. 0-0 0-0 8. Be3 b5 9. e5 Bb7 10. Qe2 Nd7 11. a4 b4 12. Ne4 a5 13. exd6 Nf5 14. dxc7 Qxc7 15. Ne5 Rad8 16. c3 bxc3 17. Nxc3 Qb8 18. Be4 Nf6 19. Bxb7 Qxb7 20. Rfd1 Nd5 21. Nxd5 Rxd5 22. Bf2 Rfd8 23. Rac1 h5 24. Rc5 Qb3 25. Rxd5 Rxd5 26. Rc1 Bxe5 27. dxe5 Qxa4 28. g3 Kg7 29. Qc2 Qb5 30. b3 Rd3 31. Ra1 Rxb3 32. Rxa5 Rb1+ 33. Kg2 Qf1+ 34. Kf3 Nd4+ 0-1

[Event "FRA-chT2 1011"]
[Site "France"]
[Date "2010.11.14"]
[Round "3.3"]
[White "Jactel, Nicolas"]
[Black "Vallet, Marc"]
[Result "1-0"]
[WhiteElo "2066"]
[BlackElo "2204"]
[PlyCount "49"]
[EventDate "2010.10.17"]
[EventType "team-tourn"]
[EventRounds "11"]
[EventCountry "FRA"]
[SourceTitle "EXT 2012"]
[Source "ChessBase"]
[SourceDate "2011.11.24"]
[SourceVersion "1"]
[SourceVersionDate "2011.11.24"]
[SourceQuality "1"]

1. e4 c5 2. Nf3 Nc6 3. Bb5 e6 4. 0-0 Nge7 5. Nc3 a6 6. Bxc6 Nxc6 7. d4 cxd4 8. Nxd4 Qc7 9. Nxc6 dxc6 10. f4 e5 11. f5 Bc5+ 12. Kh1 h5 13. Qf3 b5 14. Be3 Qa7 15. Bxc5 Qxc5 16. a3 Bb7 17. Rad1 Rd8 18. Rxd8+ Kxd8 19. Qg3 Rh7 20. b4 h4 21. Qg5+ f6 22. Qg6 Qxc3 23. Qxh7 Qxc2 24. Qxg7 h3 25. Qxf6+ 1-0

[Event "FRA-ch op-A"]
[Site "Pau"]
[Date "2008.08.16"]
[Round "5"]
[White "Jactel, Nicolas"]
[Black "Armand, Jerome"]
[Result "1-0"]
[WhiteElo "2141"]
[BlackElo "2020"]
[PlyCount "77"]
[EventDate "2008.08.11"]
[EventType "swiss"]
[EventRounds "9"]
[EventCountry "FRA"]
[SourceTitle "CBM 126 Extra"]
[Source "ChessBase"]
[SourceDate "2008.11.05"]
[SourceVersion "1"]
[SourceVersionDate "2008.11.05"]
[SourceQuality "1"]

1. e4 g6 2. d4 d6 3. Nc3 Bg7 4. Be3 Nf6 5. Qd2 0-0 6. f3 e5 7. Nge2 exd4 8. Nxd4 Nc6 9. 0-0-0 Nxd4 10. Bxd4 Be6 11. g4 c5 12. Be3 Qa5 13. Kb1 b5 14. Bh6 b4 15. Nd5 Nxd5 16. exd5 Bxd5 17. Qxd5 Bxh6 18. Bc4 Rad8 19. h4 Bg7 20. h5 Qc7 21. hxg6 hxg6 22. Qg5 d5 23. Rxd5 Rxd5 24. Qxd5 Rd8 25. Qg5 Qd6 26. Qe3 Qf6 27. Qb3 a5 28. c3 Qxf3 29. Rf1 Qe4+ 30. Ka1 a4 31. Bxf7+ Kh8 32. Qxa4 Qg2 33. Rd1 Rxd1+ 34. Qxd1 bxc3 35. Qd8+ Kh7 36. Bg8+ Kh8 37. Bd5+ Kh7 38. Bxg2 c2 39. Qd2 1-0

[Event "FRA-ch op-A"]
[Site "Pau"]
[Date "2008.08.15"]
[Round "4"]
[White "Budin, Florent"]
[Black "Jactel, Nicolas"]
[Result "1/2-1/2"]
[WhiteElo "1973"]
[BlackElo "2141"]
[PlyCount "226"]
[EventDate "2008.08.11"]
[EventType "swiss"]
[EventRounds "9"]
[EventCountry "FRA"]
[SourceTitle "CBM 126 Extra"]
[Source "ChessBase"]
[SourceDate "2008.11.05"]
[SourceVersion "1"]
[SourceVersionDate "2008.11.05"]
[SourceQuality "1"]

1. d4 Nf6 2. Nf3 g6 3. c4 Bg7 4. Nc3 d5 5. Bg5 Ne4 6. cxd5 Nxg5 7. Nxg5 e6 8. Qd2 exd5 9. Qe3+ Kf8 10. Qf4 Bf6 11. h4 h6 12. Nf3 Kg7 13. e4 c6 14. exd5 cxd5 15. Bd3 Re8+ 16. Kf1 Nc6 17. a3 Be6 18. g4 Qb8 19. Qxb8 Raxb8 20. g5 hxg5 21. hxg5 Bxd4 22. Nxd4 Nxd4 23. Kg2 Rh8 24. Rxh8 Rxh8 25. Rd1 Rh5 26. f4 Rh4 27. f5 gxf5 28. Bb1 Kg6 29. Ba2 Kxg5 30. Kf2 Rf4+ 31. Ke3 Nc6 32. Bxd5 Bxd5 33. Rxd5 Rh4 34. Rd7 Rh3+ 35. Kd2 Rh2+ 36. Kc1 f4 37. Rxf7 Nd4 38. Rxb7 f3 39. Nd1 Rc2+ 40. Kb1 Rd2 41. Kc1 Rc2+ 42. Kb1 a6 43. Rb4 Rd2 44. Kc1 Rxd1+ 45. Kxd1 f2 46. Rxd4 f1Q+ 47. Kc2 Kf5 48. Rd1 Qe2+ 49. Rd2 Qc4+ 50. Kb1 Ke4 51. Rd1 Qb3 52. Rc1 Kd4 53. Rc3 Qe6 54. Ka1 Qe1+ 55. Ka2 Qf1 56. Rc7 Qe1 57. Rc3 Qe5 58. Kb1 Qd5 59. Ka1 Qh1+ 60. Ka2 a5 61. Rc7 Qd5+ 62. Ka1 Qb3 63. Rc3 Qd1+ 64. Ka2 Kd5 65. Rc8 Ke6 66. Rc5 Qd2 67. Rc3 Kd6 68. Kb1 Qd1+ 69. Rc1 Qd2 70. Rc3 Kd7 71. Rc1 Ke6 72. Rc3 Kf5 73. Rc1 Kf4 74. Rc4+ Kf3 75. Rc3+ Ke4 76. Rc4+ Kd3 77. Rc3+ Kd4 78. Rc7 Qd3+ 79. Ka2 Qg3 80. Rc3 Qg8+ 81. Kb1 Qg5 82. Rc1 Qf5+ 83. Ka2 Kd3 84. Rc3+ Kd2 85. Ka1 Qe4 86. Ka2 Qe1 87. Rc6 Qh1 88. Rc5 Qa8 89. Rc3 Qg8+ 90. Kb1 a4 91. Rc2+ Kd1 92. Rc1+ Kd2 93. Rc2+ Kd3 94. Rc3+ Kd4 95. Ka1 Qg1+ 96. Ka2 Qe1 97. Rc6 Qe8 98. Rc3 Qb5 99. Kb1 Qf1+ 100. Ka2 Qd1 101. Rg3 Kc4 102. Rc3+ Kb5 103. Rg3 Qd5+ 104. Ka1 Qe5 105. Rc3 Kb6 106. Kb1 Qe1+ 107. Rc1 Qd2 108. Rc3 Qd1+ 109. Rc1 Qd3+ 110. Ka2 Qb3+ 111. Kb1 Kb5 112. Rc3 Qd1+ 113. Rc1 Qd3+ 1/2-1/2

[Event "FRA-ch op-A"]
[Site "Pau"]
[Date "2008.08.12"]
[Round "1"]
[White "Jactel, Nicolas"]
[Black "Venner, Laurent"]
[Result "0-1"]
[WhiteElo "2141"]
[BlackElo "2029"]
[PlyCount "66"]
[EventDate "2008.08.11"]
[EventType "swiss"]
[EventRounds "9"]
[EventCountry "FRA"]
[SourceTitle "CBM 126 Extra"]
[Source "ChessBase"]
[SourceDate "2008.11.05"]
[SourceVersion "1"]
[SourceVersionDate "2008.11.05"]
[SourceQuality "1"]

1. e4 d5 2. exd5 Qxd5 3. Nc3 Qa5 4. d4 Nf6 5. Nf3 c6 6. Bc4 Bf5 7. Bd2 e6 8. Nd5 Qd8 9. Nxf6+ gxf6 10. Qe2 Bxc2 11. 0-0 Be7 12. Rfe1 Nd7 13. Rac1 Bg6 14. Nh4 Nb6 15. Ba5 Qxd4 16. Nxg6 hxg6 17. Bxe6 Qe5 18. Qxe5 fxe5 19. Bb3 f6 20. f4 Nd7 21. Be6 Nc5 22. fxe5 Nd3 23. exf6 Nxe1 24. fxe7 Nd3 25. Rd1 Kxe7 26. Bc4 Ne5 27. Bb4+ Kf6 28. Rf1+ Kg7 29. Bc3 Rhe8 30. Rf7+ Kh6 31. Bd2+ g5 32. Rf6+ Kg7 33. Rxc6 Nxc6 0-1

[Event "Syre Memorial op 31st"]
[Site "Issy les Moulineaux"]
[Date "2008.05.03"]
[Round "5"]
[White "Brunier, Jules"]
[Black "Jactel, Nicolas"]
[Result "1-0"]
[WhiteElo "1886"]
[BlackElo "2153"]
[PlyCount "35"]
[EventDate "2008.05.01"]
[EventType "swiss"]
[EventRounds "6"]
[EventCountry "FRA"]
[SourceTitle "EXT 2010"]
[Source "ChessBase"]
[SourceDate "2010.11.25"]
[SourceVersion "1"]
[SourceVersionDate "2010.11.25"]
[SourceQuality "1"]

1. e4 c5 2. c3 d5 3. exd5 Qxd5 4. d4 cxd4 5. Na3 Nf6 6. Nb5 Qd8 7. Bf4 Nd5 8. Qxd4 e6 9. Bc4 Nxf4 10. Qxf4 Na6 11. Rd1 Qb6 12. a4 Be7 13. Nf3 0-0 14. b4 Bf6 15. Rd6 e5 16. Qc1 e4 17. Rxb6 axb6 18. Nfd4 1-0

[Event "FRA-chT2 Nord 0708"]
[Site "France"]
[Date "2008.03.15"]
[Round "8.5"]
[White "Jactel, Nicolas"]
[Black "Cheron, Stephane"]
[Result "1/2-1/2"]
[WhiteElo "2069"]
[BlackElo "2001"]
[PlyCount "41"]
[EventDate "2007.10.21"]
[EventType "team"]
[EventRounds "11"]
[EventCountry "FRA"]
[SourceTitle "EXT 2009"]
[Source "ChessBase"]
[SourceDate "2008.11.26"]
[SourceVersion "1"]
[SourceVersionDate "2008.11.26"]
[SourceQuality "1"]
[WhiteTeam "Franconville"]
[BlackTeam "Arcueil"]
[WhiteTeamCountry "FRA"]
[BlackTeamCountry "FRA"]

1. e4 e5 2. Nf3 Nc6 3. Nc3 Nf6 4. d4 exd4 5. Nxd4 Bb4 6. Nxc6 bxc6 7. Bd3 d5 8. exd5 cxd5 9. 0-0 0-0 10. Bg5 c6 11. Qf3 Be7 12. Rfe1 Be6 13. h3 Rb8 14. Rab1 c5 15. Ne2 h6 16. Bh4 Qa5 17. b3 c4 18. Bf5 cxb3 19. axb3 Rb4 20. Bg3 Ne4 21. c3 1/2-1/2

[Event "Le Touquet op 22nd"]
[Site "Le Touquet"]
[Date "2007.10.29"]
[Round "3"]
[White "Dayan, Benjamin"]
[Black "Jactel, Nicolas"]
[Result "0-1"]
[WhiteElo "1956"]
[BlackElo "2126"]
[PlyCount "57"]
[EventDate "2007.10.27"]
[EventType "swiss"]
[EventRounds "9"]
[EventCountry "FRA"]
[SourceTitle "EXT 2008"]
[Source "ChessBase"]
[SourceDate "2007.11.25"]
[SourceVersion "1"]
[SourceVersionDate "2007.11.25"]
[SourceQuality "1"]

1. d4 Nf6 2. c4 g6 3. Nc3 d5 4. cxd5 Nxd5 5. Bd2 Bg7 6. Nf3 c5 7. e4 Nxc3 8. bxc3 cxd4 9. cxd4 Bxd4 10. Qa4+ Nc6 11. Rb1 Bb6 12. Bc4 0-0 13. 0-0 Bg4 14. Bh6 Bxf3 15. gxf3 Re8 16. Qb3 e6 17. f4 Na5 18. Qc3 Bd4 19. Qb4 Qh4 20. Bg5 Qg4+ 21. Kh1 Qf3+ 22. Kg1 Qg4+ 23. Kh1 Nxc4 24. Qxc4 Qf3+ 25. Kg1 Qg4+ 26. Kh1 Qf3+ 27. Kg1 Qxe4 28. Rb4 e5 29. Qc7 0-1

[Event "Le Touquet op 22nd"]
[Site "Le Touquet"]
[Date "2007.10.28"]
[Round "2"]
[White "Jactel, Nicolas"]
[Black "Le Roux, Jean Pierre"]
[Result "0-1"]
[WhiteElo "2126"]
[BlackElo "2477"]
[PlyCount "82"]
[EventDate "2007.10.27"]
[EventType "swiss"]
[EventRounds "9"]
[EventCountry "FRA"]
[SourceTitle "EXT 2008"]
[Source "ChessBase"]
[SourceDate "2007.11.25"]
[SourceVersion "1"]
[SourceVersionDate "2007.11.25"]
[SourceQuality "1"]

1. e4 g6 2. d4 d6 3. Nc3 Bg7 4. Be3 a6 5. Qd2 b5 6. a4 b4 7. Nd1 a5 8. c3 Nf6 9. Bd3 0-0 10. Ne2 Ba6 11. Bxa6 Nxa6 12. f3 c5 13. 0-0 Rb8 14. Nf2 Qc8 15. cxb4 axb4 16. b3 Rd8 17. Rac1 Qb7 18. Rfd1 Nd7 19. Nd3 cxd4 20. Nxd4 Ndc5 21. Rb1 Nxd3 22. Qxd3 d5 23. Rbc1 Rbc8 24. Qb5 Rxc1 25. Rxc1 Qa7 26. Nc2 d4 27. Bf2 Rc8 28. Qd3 e5 29. Rb1 Rc3 30. Qe2 Bf6 31. Ne1 Nc5 32. Qb5 Be7 33. Qe8+ Kg7 34. Bg3 f6 35. f4 Nxe4 36. fxe5 d3+ 37. Kh1 Nxg3+ 38. hxg3 d2 39. exf6+ Bxf6 40. Qe4 Re3 41. Qxb4 Bc3 0-1

[Event "Le Touquet op 22nd"]
[Site "Le Touquet"]
[Date "2007.10.27"]
[Round "1"]
[White "Perrien, Francis"]
[Black "Jactel, Nicolas"]
[Result "0-1"]
[WhiteElo "1869"]
[BlackElo "2126"]
[PlyCount "76"]
[EventDate "2007.10.27"]
[EventType "swiss"]
[EventRounds "9"]
[EventCountry "FRA"]
[SourceTitle "EXT 2008"]
[Source "ChessBase"]
[SourceDate "2007.11.25"]
[SourceVersion "1"]
[SourceVersionDate "2007.11.25"]
[SourceQuality "1"]

1. e4 c5 2. Nf3 d6 3. d4 cxd4 4. Nxd4 Nf6 5. Nc3 g6 6. Be2 Bg7 7. Be3 Nc6 8. 0-0 0-0 9. Rb1 Bd7 10. Kh1 Rc8 11. f3 a6 12. a3 Ne5 13. Qd2 Nc4 14. Bxc4 Rxc4 15. Nde2 Qa5 16. Bh6 Rfc8 17. Bxg7 Kxg7 18. Rfd1 Qc5 19. Rbc1 b5 20. Nd4 a5 21. Nb3 Qc7 22. Na1 b4 23. axb4 axb4 24. Ne2 Be6 25. b3 Rc5 26. Qxb4 d5 27. Nd4 dxe4 28. Nxe6+ fxe6 29. fxe4 Ng4 30. Qd4+ Kg8 31. g3 Rf8 32. Rf1 Rd8 33. Qa4 Rh5 34. Rf3 Nxh2 35. Rf4 Ng4+ 36. Kg1 Qc5+ 37. Kg2 Rd2+ 38. Kf3 Ne5# 0-1

[Event "Bethune op 27th"]
[Site "Bethune"]
[Date "2006.12.29"]
[Round "7"]
[White "Jactel, Nicolas"]
[Black "Swinkels, Robin"]
[Result "1/2-1/2"]
[WhiteElo "2089"]
[BlackElo "2379"]
[PlyCount "53"]
[EventDate "2006.12.26"]
[EventType "swiss"]
[EventRounds "9"]
[EventCountry "FRA"]
[SourceTitle "CBM 116 Extra"]
[Source "ChessBase"]
[SourceDate "2007.03.07"]
[SourceVersion "1"]
[SourceVersionDate "2007.03.07"]
[SourceQuality "1"]

1. e4 e5 2. Nf3 Nc6 3. Nc3 Nf6 4. d4 exd4 5. Nxd4 Bb4 6. Nxc6 bxc6 7. Bd3 d5 8. exd5 cxd5 9. 0-0 0-0 10. Bg5 c6 11. Qf3 Be7 12. Rfe1 Re8 13. h3 h6 14. Bf4 Be6 15. Ne2 c5 16. Bb5 Bd7 17. Bxd7 Qxd7 18. Ng3 d4 19. Be5 Qd5 20. Qf4 g5 21. Qf5 Qc6 22. Re2 Nd5 23. Rae1 Bf8 24. Nh5 Qg6 25. Qf3 Rad8 26. g4 Re6 27. Bg3 1/2-1/2

[Event "Bethune op 27th"]
[Site "Bethune"]
[Date "2006.12.29"]
[Round "8"]
[White "Thorfinnsson, Bjorn"]
[Black "Jactel, Nicolas"]
[Result "1-0"]
[WhiteElo "2317"]
[BlackElo "2089"]
[PlyCount "75"]
[EventDate "2006.12.26"]
[EventType "swiss"]
[EventRounds "9"]
[EventCountry "FRA"]
[SourceTitle "CBM 116 Extra"]
[Source "ChessBase"]
[SourceDate "2007.03.07"]
[SourceVersion "1"]
[SourceVersionDate "2007.03.07"]
[SourceQuality "1"]

1. d4 Nf6 2. Bg5 c5 3. Bxf6 gxf6 4. d5 Qb6 5. Qc1 Bg7 6. c3 e6 7. e4 f5 8. dxe6 Qxe6 9. Qg5 Qxe4+ 10. Ne2 0-0 11. Nd2 Qe6 12. 0-0-0 Qh6 13. Qxf5 d5 14. Qxd5 Be6 15. Qe4 Nc6 16. Ng3 Bxa2 17. Nf5 Qe6 18. Qg4 Qg6 19. Qxg6 fxg6 20. Nxg7 Kxg7 21. Ne4 Rad8 22. Bb5 Bd5 23. Nxc5 Bxg2 24. Bxc6 Bxc6 25. Ne6+ Kf6 26. Nxf8 Rxf8 27. Rhe1 Kf7 28. Rd4 g5 29. f4 g4 30. Re5 h6 31. Kd2 Kg6 32. Ke3 a6 33. Kf2 Rf6 34. Kg3 h5 35. Rg5+ Kh6 36. Rd8 Be4 37. Rh8+ Bh7 38. Kh4 1-0

[Event "Syre Memorial op 28th"]
[Site "Issy les Moulineaux"]
[Date "2005.05.05"]
[Round "2"]
[White "Callet, Emmanuel"]
[Black "Jactel, Nicolas"]
[Result "1/2-1/2"]
[WhiteElo "2239"]
[BlackElo "2096"]
[PlyCount "51"]
[EventDate "2005.05.05"]
[EventType "swiss"]
[EventRounds "6"]
[EventCountry "FRA"]
[SourceTitle "EXT 2007"]
[Source "ChessBase"]
[SourceDate "2006.11.23"]
[SourceVersion "1"]
[SourceVersionDate "2006.11.23"]
[SourceQuality "1"]

1. Nf3 g6 2. c4 Nf6 3. Nc3 d5 4. cxd5 Nxd5 5. d4 Bg7 6. e3 0-0 7. Bc4 Nb6 8. Bb3 Nc6 9. 0-0 e5 10. d5 Na5 11. e4 Nxb3 12. Qxb3 h6 13. a4 Qe7 14. a5 Nd7 15. Qc4 Nf6 16. Be3 Re8 17. h3 c6 18. dxc6 bxc6 19. Bc5 Be6 20. Qb4 Qc7 21. Bd6 Bf8 22. Bxf8 Rxf8 23. Qc5 Nd7 24. Qe3 Kg7 25. Rfc1 Rab8 26. Na4 1/2-1/2

[Event "Syre Memorial op 28th"]
[Site "Issy les Moulineaux"]
[Date "2005.05.05"]
[Round "1"]
[White "Jactel, Nicolas"]
[Black "Toulzac, Pierre Yves"]
[Result "1/2-1/2"]
[WhiteElo "2096"]
[BlackElo "2284"]
[PlyCount "111"]
[EventDate "2005.05.05"]
[EventType "swiss"]
[EventRounds "6"]
[EventCountry "FRA"]
[SourceTitle "EXT 2007"]
[Source "ChessBase"]
[SourceDate "2006.11.23"]
[SourceVersion "1"]
[SourceVersionDate "2006.11.23"]
[SourceQuality "1"]

1. e4 c5 2. Nf3 e6 3. Nc3 Nc6 4. Bb5 Nge7 5. 0-0 a6 6. Bxc6 Nxc6 7. d4 cxd4 8. Nxd4 Qc7 9. Nxc6 bxc6 10. f4 Rb8 11. b3 c5 12. Bb2 Bb7 13. Qg4 h5 14. Qe2 c4 15. Rad1 h4 16. h3 Rh6 17. f5 cxb3 18. cxb3 g6 19. fxe6 dxe6 20. Kh1 Rh5 21. Nd5 exd5 22. exd5+ Be7 23. d6 Qd7 24. dxe7 Bd5 25. Qg4 Rb7 26. Qxd7+ Rxd7 27. Bf6 a5 28. Rc1 Rxe7 29. Bxe7 Kxe7 30. Kh2 Kd6 31. Rf6+ Be6 32. Rd1+ Kc5 33. Rf4 Bd5 34. Ra4 Kb5 35. Rad4 Kc5 36. Ra4 Kb6 37. Rf4 Kc5 38. Rd2 Kb5 39. Rdd4 Re5 40. Rd2 g5 41. Rff2 f5 42. Rfe2 Be4 43. Rd8 Kc5 44. Rg8 f4 45. Rc8+ Kd4 46. Kg1 Kd3 47. Kf2 Rf5 48. Re8 Bxg2 49. R2e5 Bxh3 50. Rxf5 Bxf5 51. Re5 Be4 52. Rxg5 h3 53. Rh5 Kc3 54. Rxh3+ Kb2 55. Rh4 Kxa2 56. b4 1/2-1/2

[Event "Paris Apsap op 82nd"]
[Site "Paris"]
[Date "2005.??.??"]
[Round "2"]
[White "Jactel, Nicolas"]
[Black "Brunner, Nicolas"]
[Result "0-1"]
[WhiteElo "2100"]
[BlackElo "2386"]
[PlyCount "50"]
[EventDate "2005.08.09"]
[EventType "swiss"]
[EventRounds "7"]
[EventCountry "FRA"]
[SourceTitle "EXT 2007"]
[Source "ChessBase"]
[SourceDate "2006.11.23"]
[SourceVersion "1"]
[SourceVersionDate "2006.11.23"]
[SourceQuality "1"]

1. e4 c5 2. Nf3 d6 3. d4 Nf6 4. Nc3 cxd4 5. Nxd4 g6 6. Be3 Bg7 7. Be2 0-0 8. Qd2 Nc6 9. 0-0-0 Nxd4 10. Bxd4 Be6 11. Kb1 b5 12. Bf3 b4 13. Nd5 Bxd5 14. exd5 Rb8 15. h4 Qa5 16. c3 Nxd5 17. Bxg7 Nxc3+ 18. Kc2 Kxg7 19. bxc3 Rfc8 20. Rc1 bxc3 21. Qe3 Qa4+ 22. Kd3 Qc4+ 23. Kc2 Rc5 24. Kd1 Qa4+ 25. Ke1 Re5 0-1

[Event "Paris Apsap op 71st"]
[Site "Paris"]
[Date "2004.04.23"]
[Round "6"]
[White "Mehaibia, Azzedine"]
[Black "Jactel, Nicolas"]
[Result "1/2-1/2"]
[WhiteElo "2084"]
[BlackElo "2105"]
[PlyCount "42"]
[EventDate "2004.04.19"]
[EventType "swiss"]
[EventRounds "7"]
[EventCountry "FRA"]
[SourceTitle "CBM 100 Extra"]
[Source "ChessBase"]
[SourceDate "2004.07.06"]
[SourceVersion "2"]
[SourceVersionDate "2004.07.06"]
[SourceQuality "1"]

1. e4 c5 2. Nf3 d6 3. d4 cxd4 4. Nxd4 Nf6 5. Nc3 g6 6. Be3 Bg7 7. f3 Nc6 8. Qd2 0-0 9. 0-0-0 Bd7 10. g4 Rc8 11. Kb1 Ne5 12. h4 Qa5 13. Nb3 Qc7 14. g5 Nh5 15. Nd5 Qd8 16. Bxa7 Ng3 17. Bb6 Qe8 18. Rg1 Nxf1 19. Rdxf1 Nc4 20. Qb4 Nxb2 21. Na5 Na4 1/2-1/2

[Event "FRA-chT4 0405"]
[Site "Franconville"]
[Date "2004.02.01"]
[Round "5.1"]
[White "Peurton, Frederic"]
[Black "Jactel, Nicolas"]
[Result "0-1"]
[WhiteElo "2037"]
[BlackElo "2089"]
[PlyCount "50"]
[EventDate "2004.10.10"]
[EventType "team"]
[EventRounds "7"]
[EventCountry "FRA"]
[SourceTitle "EXT 2007"]
[Source "ChessBase"]
[SourceDate "2006.11.23"]
[SourceVersion "1"]
[SourceVersionDate "2006.11.23"]
[SourceQuality "1"]

1. f4 g6 2. Nf3 Bg7 3. c4 c5 4. Nc3 Nc6 5. e3 Nf6 6. Ne5 0-0 7. Nxc6 dxc6 8. Be2 Qd6 9. 0-0 e5 10. fxe5 Qxe5 11. Bf3 Bf5 12. d4 Qe7 13. Qe2 Rad8 14. e4 cxd4 15. exf5 Qxe2 16. Nxe2 d3 17. fxg6 hxg6 18. Bg5 dxe2 19. Bxe2 Rde8 20. Rae1 Ne4 21. Be3 Ng3 22. hxg3 Rxe3 23. Rf3 Rfe8 24. Rxe3 Rxe3 25. Kf1 Rxg3 0-1

[Event "Paris Apsap op 59th"]
[Site "Paris"]
[Date "2002.12.22"]
[Round "2"]
[White "Sohier, Julien"]
[Black "Jactel, Nicolas"]
[Result "1/2-1/2"]
[WhiteElo "2020"]
[BlackElo "2187"]
[PlyCount "89"]
[EventDate "2003.01.07"]
[EventType "swiss"]
[EventRounds "7"]
[EventCountry "FRA"]
[SourceTitle "EXT 2004"]
[Source "ChessBase"]
[SourceDate "2003.11.25"]
[SourceVersion "1"]
[SourceVersionDate "2003.11.25"]
[SourceQuality "1"]

1. e4 Nf6 2. e5 Nd5 3. d4 d6 4. c4 Nb6 5. exd6 cxd6 6. Nf3 g6 7. h3 Bg7 8. Nc3 0-0 9. Be2 Nc6 10. 0-0 Bf5 11. Bg5 d5 12. c5 Nc4 13. b3 N4a5 14. Rc1 Be4 15. Qd2 b6 16. Rfd1 Rc8 17. b4 Nxb4 18. Nxe4 dxe4 19. Qxb4 exf3 20. Bxf3 Nc6 21. Bxc6 Rxc6 22. cxb6 Rxc1 23. Rxc1 Qxb6 24. Qxb6 axb6 25. d5 f6 26. Be3 Rd8 27. Rc2 b5 28. Kf1 Kf7 29. Ke2 Ke8 30. Kd3 Kd7 31. Bc5 f5 32. Re2 Bf6 33. a3 Rc8 34. Bb4 Rc4 35. Re6 Rd4+ 36. Ke2 Rxd5 37. Rb6 Kc7 38. Re6 Kd7 39. Rb6 Ke8 40. Rb8+ Kf7 41. Rb7 Re5+ 42. Kd3 Rd5+ 43. Ke2 Re5+ 44. Kd3 Rd5+ 45. Ke2 1/2-1/2

[Event "Paris Apsap op 53rd"]
[Site "Paris"]
[Date "2002.??.??"]
[Round "8"]
[White "Patrat, Joel"]
[Black "Jactel, Nicolas"]
[Result "0-1"]
[WhiteElo "2013"]
[BlackElo "2170"]
[PlyCount "48"]
[EventDate "2002.??.??"]
[EventType "swiss"]
[EventRounds "9"]
[EventCountry "FRA"]
[SourceTitle "EXT 2003"]
[Source "ChessBase"]
[SourceDate "2002.11.25"]
[SourceVersion "1"]
[SourceVersionDate "2002.11.25"]
[SourceQuality "1"]

1. e3 Nf6 2. f4 g6 3. Nf3 Bg7 4. d4 0-0 5. Bd3 d6 6. 0-0 Nbd7 7. Qe1 e5 8. fxe5 dxe5 9. dxe5 Ng4 10. e6 fxe6 11. Nc3 Nde5 12. Be4 Qd6 13. g3 Bd7 14. Bd2 Bc6 15. Qe2 Nxf3+ 16. Bxf3 Bxf3 17. Rxf3 Rxf3 18. Qxf3 Qxd2 19. Qxg4 Qxe3+ 20. Kg2 Bxc3 21. bxc3 Rd8 22. Qh4 Rd2+ 23. Kh3 Qf2 24. Qg5 Rd5 0-1